[Event "Pilsen Region-chT 2223"]
[Site "Czech Republic"]
[Date "2023.02.12"]
[Round "8.5"]
[White "Valenz, Miroslav"]
[Black "Flajsman, Petr"]
[Result "1/2-1/2"]
[WhiteElo "2003"]
[BlackElo "1924"]
[PlyCount "23"]
[EventDate "2022.10.09"]
[EventType "team-tourn"]
[EventRounds "11"]
[EventCountry "CZE"]
[SourceTitle "EXT 2024"]
[Source "ChessBase"]
[SourceDate "2023.10.10"]
[SourceVersion "1"]
[SourceVersionDate "2023.10.10"]
[SourceQuality "1"]
[WhiteTeam "Domazlice"]
[BlackTeam "Dvorec"]
[WhiteTeamCountry "CZE"]
[BlackTeamCountry "CZE"]

1. e4 e5 2. Nc3 Bc5 3. Bc4 d6 4. d3 Nc6 5. Nge2 Be6 6. 0-0 Nf6 7. Ng3 h6 8. Kh1 Qd7 9. a3 a6 10. b4 Bd4 11. Bd2 0-0 12. Qe1 1/2-1/2

[Event "Pilsen Region-chT 2223"]
[Site "Czech Republic"]
[Date "2023.01.15"]
[Round "6.5"]
[White "Mraz, Milos"]
[Black "Flajsman, Petr"]
[Result "0-1"]
[WhiteElo "1905"]
[BlackElo "1924"]
[PlyCount "104"]
[EventDate "2022.10.09"]
[EventType "team-tourn"]
[EventRounds "11"]
[EventCountry "CZE"]
[SourceTitle "EXT 2024"]
[Source "ChessBase"]
[SourceDate "2023.10.10"]
[SourceVersion "1"]
[SourceVersionDate "2023.10.10"]
[SourceQuality "1"]
[WhiteTeam "Loko"]
[BlackTeam "Dvorec"]
[WhiteTeamCountry "CZE"]
[BlackTeamCountry "CZE"]

1. d4 Nf6 2. Nf3 e6 3. c4 b6 4. Nc3 Bb7 5. Bg5 Be7 6. e3 0-0 7. Be2 d5 8. cxd5 Nxd5 9. Bxe7 Nxe7 10. 0-0 Nd7 11. Rc1 c5 12. dxc5 Nxc5 13. Qxd8 Rfxd8 14. Rfd1 a5 15. Rxd8+ Rxd8 16. Rd1 Rxd1+ 17. Nxd1 Nd5 18. a3 Kf8 19. Kf1 Ke7 20. Ke1 h6 21. Kd2 Ne4+ 22. Ke1 f5 23. Nd2 Nd6 24. g3 a4 25. h4 b5 26. Bd3 Nf6 27. Nc3 Bc6 28. f3 e5 29. Be2 Ke6 30. Kf2 g5 31. hxg5 hxg5 32. f4 g4 33. Bd3 exf4 34. exf4 Nd5 35. Nxd5 Kxd5 36. Ke3 Bd7 37. Bc2 Ne8 38. b3 Nf6 39. b4 Nh5 40. Nf1 Kc4 41. Kd2 Kd4 42. Bd3 Nf6 43. Ne3 Ne4+ 44. Bxe4 Kxe4 45. Ke2 Be6 46. Nc2 Bc4+ 47. Kd2 Kf3 48. Nd4+ Kxg3 49. Ke3 Kh2 50. Nxf5 g3 51. Nh4 Bd5 52. Kd4 Kh3 0-1

[Event "Klatovy op 28th"]
[Site "Klatovy"]
[Date "2022.07.03"]
[Round "2"]
[White "Eret, Matous"]
[Black "Flajsman, Petr"]
[Result "1-0"]
[WhiteElo "2273"]
[BlackElo "1809"]
[PlyCount "63"]
[EventDate "2022.07.02"]
[EventType "swiss"]
[EventRounds "9"]
[EventCountry "CZE"]
[SourceTitle "EXT 2023"]
[Source "ChessBase"]
[SourceDate "2022.10.05"]
[SourceVersion "1"]
[SourceVersionDate "2022.10.05"]
[SourceQuality "1"]

1. e4 e5 2. Nc3 Nc6 3. f4 Bc5 4. Nf3 d6 5. Na4 Bb6 6. Nxb6 axb6 7. Bb5 Bg4 8. 0-0 Nge7 9. h3 Bxf3 10. Qxf3 0-0 11. Bxc6 Nxc6 12. f5 f6 13. c3 Qe8 14. g4 Qf7 15. b3 Rfd8 16. d3 d5 17. g5 Rd7 18. Qg4 fxg5 19. Bxg5 b5 20. Rf2 Rd6 21. Raf1 Kh8 22. h4 h6 23. Rg2 Kh7 24. exd5 Rxd5 25. f6 h5 26. Qe4+ g6 27. Be3 Rg8 28. Rg5 Kh8 29. d4 Rgd8 30. Rxg6 Rg8 31. Rxg8+ Kxg8 32. Rf5 1-0

[Event "Karlovy Vary CupT U16"]
[Site "Karlovy Vary"]
[Date "2020.01.22"]
[Round "1.1"]
[White "Jun, Rudolf Jr"]
[Black "Flajsman, Petr"]
[Result "1-0"]
[WhiteElo "2087"]
[BlackElo "1748"]
[PlyCount "111"]
[EventDate "2020.01.22"]
[EventType "team-swiss"]
[EventRounds "4"]
[EventCountry "CZE"]
[SourceTitle "CBM 194 Extra"]
[Source "ChessBase"]
[SourceDate "2020.03.31"]
[SourceVersion "1"]
[SourceVersionDate "2020.03.31"]
[SourceQuality "1"]
[WhiteTeam "Vysocina kraj"]
[BlackTeam "Plzensky kraj"]
[WhiteTeamCountry "CZE"]
[BlackTeamCountry "CZE"]

1. e4 c5 2. Nf3 d6 3. Bb5+ Bd7 4. Bxd7+ Qxd7 5. c4 Nc6 6. 0-0 e5 7. Nc3 Nge7 8. a3 g6 9. b4 b6 10. b5 Nd4 11. Nxd4 cxd4 12. Na4 Bg7 13. d3 0-0 14. Bd2 Kh8 15. Nb2 f5 16. f3 h6 17. a4 g5 18. a5 f4 19. axb6 axb6 20. Qe2 Qb7 21. Bb4 Rfd8 22. Rfb1 Ng6 23. Qd1 Bf8 24. Rxa8 Rxa8 25. Ra1 Be7 26. Rxa8+ Qxa8 27. Qa4 Qb8 28. Qa6 Nf8 29. Na4 Nd7 30. Nb2 Kg7 31. Nd1 Nf6 32. Nf2 Kh8 33. Kf1 Kg7 34. Nh3 Kh8 35. Ng1 Kg7 36. Ne2 Nd7 37. Nc1 Kh8 38. Qa3 Kg7 39. Na2 Kf6 40. Ke2 Nc5 41. Be1 Ke6 42. Nb4 Bf8 43. Nc6 Qc7 44. Bb4 Kf7 45. Qa8 Ne6 46. Ba3 h5 47. Nb4 Nc5 48. Nd5 Qd7 49. Nxb6 Qe6 50. Bxc5 dxc5 51. Qb7+ Be7 52. Nd5 g4 53. Nxe7 gxf3+ 54. gxf3 Qh3 55. Nf5+ Kf8 56. Qe7+ 1-0

[Event "Karlovy Vary CupT U16"]
[Site "Karlovy Vary"]
[Date "2020.01.22"]
[Round "2.1"]
[White "Mach, Petr2222"]
[Black "Flajsman, Petr"]
[Result "1-0"]
[WhiteElo "2051"]
[BlackElo "1748"]
[PlyCount "113"]
[EventDate "2020.01.22"]
[EventType "team-swiss"]
[EventRounds "4"]
[EventCountry "CZE"]
[SourceTitle "CBM 194 Extra"]
[Source "ChessBase"]
[SourceDate "2020.03.31"]
[SourceVersion "1"]
[SourceVersionDate "2020.03.31"]
[SourceQuality "1"]
[WhiteTeam "Praha"]
[BlackTeam "Plzensky kraj"]
[WhiteTeamCountry "CZE"]
[BlackTeamCountry "CZE"]

1. Nf3 Nf6 2. c4 e6 3. g3 b6 4. Bg2 Bb7 5. 0-0 Be7 6. d4 0-0 7. Nc3 d5 8. Ne5 Nbd7 9. Bf4 c6 10. e4 Rc8 11. Qa4 Nxe5 12. dxe5 Nxe4 13. Nxe4 dxe4 14. Bxe4 a5 15. Rad1 Qc7 16. Rd3 Rfd8 17. Rfd1 h6 18. Rxd8+ Rxd8 19. Rxd8+ Bxd8 20. Qd1 Be7 21. Qg4 Kh8 22. Qf3 Bf8 23. Be3 g6 24. Bxg6 Bg7 25. Qxf7 Qxf7 26. Bxf7 Bxe5 27. Bxb6 Bxb2 28. Bxa5 e5 29. c5 Kg7 30. Bc4 Kf6 31. Kg2 Ba3 32. Bb6 Bc8 33. Kf3 Bf5 34. Bd8+ Kg6 35. Be7 Bb1 36. Ke3 e4 37. Kf4 Bb2 38. a4 Bc3 39. Bb3 Bd3 40. g4 Bd4 41. Kg3 Bc3 42. h4 Be2 43. Be6 Bd1 44. Bf5+ Kf7 45. Bd6 Bf3 46. Bf4 Bb4 47. Be3 Ba5 48. Bxh6 Kf6 49. Bd7 Bh1 50. Bg5+ Kg7 51. Bf5 Be1 52. Be3 Ba5 53. g5 Bf3 54. Bd4+ Kf8 55. g6 Bc7+ 56. Kh3 Bh5 57. Bxe4 1-0

[Event "Klatovy op-B 24th"]
[Site "Klatovy"]
[Date "2018.07.01"]
[Round "2"]
[White "Flajsman, Petr"]
[Black "Levinsky, Ladislav"]
[Result "1-0"]
[WhiteElo "1753"]
[BlackElo "1515"]
[PlyCount "85"]
[EventDate "2018.06.30"]
[EventType "swiss"]
[EventRounds "9"]
[EventCountry "CZE"]
[SourceTitle "CBM 185 Extra"]
[Source "ChessBase"]
[SourceDate "2018.07.29"]
[SourceVersion "1"]
[SourceVersionDate "2018.07.29"]
[SourceQuality "1"]

1. e4 c5 2. Nc3 e6 3. Nge2 Nc6 4. d4 cxd4 5. Nxd4 g6 6. Be3 Bg7 7. Qd2 Nge7 8. 0-0-0 0-0 9. f3 d5 10. h3 e5 11. Nxc6 bxc6 12. exd5 cxd5 13. Nxd5 Be6 14. Bc4 e4 15. Bc5 Nxd5 16. Bxd5 Rb8 17. c3 Bxd5 18. Qxd5 Bh6+ 19. Kc2 Qxd5 20. Rxd5 Rfe8 21. Bxa7 Rb7 22. Bd4 exf3 23. Re5 Rxe5 24. Bxe5 Re7 25. Bd4 fxg2 26. Rg1 Re2+ 27. Kb3 f5 28. a4 f4 29. a5 f3 30. a6 Re8 31. a7 Bg7 32. Bf2 Bf8 33. Ra1 Ra8 34. Kc4 Bd6 35. Kb5 Bh2 36. Kb6 g1Q 37. Bxg1 Bxg1+ 38. Rxg1 Rf8 39. c4 f2 40. Rf1 Rf6+ 41. Kb5 Rf8 42. Rxf2 Rxf2 43. a8Q+ 1-0

[Event "Klatovy op-B 24th"]
[Site "Klatovy"]
[Date "2018.06.30"]
[Round "1"]
[White "Koci, Milos"]
[Black "Flajsman, Petr"]
[Result "0-1"]
[WhiteElo "1345"]
[BlackElo "1753"]
[PlyCount "108"]
[EventDate "2018.06.30"]
[EventType "swiss"]
[EventRounds "9"]
[EventCountry "CZE"]
[SourceTitle "CBM 185 Extra"]
[Source "ChessBase"]
[SourceDate "2018.07.29"]
[SourceVersion "1"]
[SourceVersionDate "2018.07.29"]
[SourceQuality "1"]

1. d4 Nf6 2. Bf4 e6 3. Nf3 d5 4. e3 c5 5. c3 Bd7 6. Be2 Nc6 7. Nbd2 Qb6 8. Qb3 c4 9. Qxb6 axb6 10. a3 b5 11. 0-0 Be7 12. h3 0-0 13. Ne5 Nxe5 14. Bxe5 Bc6 15. Rfe1 Nd7 16. Bg3 f5 17. Nf3 Ra6 18. Ne5 Rfa8 19. Nxc6 bxc6 20. Rab1 c5 21. dxc5 Bxc5 22. Red1 Nf6 23. Bf3 g5 24. Be5 Nd7 25. Bg3 Bd6 26. Bxd6 Rxd6 27. g3 Ne5 28. Bg2 Kf7 29. e4 Nd3 30. exd5 exd5 31. Bf1 Nc5 32. Bg2 Rad8 33. Bf3 Nb3 34. Bh5+ Kf6 35. Re1 d4 36. cxd4 Nxd4 37. Re8 Rxe8 38. Bxe8 Rd8 39. Bh5 Ne6 40. Rd1 Rxd1+ 41. Bxd1 Nc5 42. Kf1 Ke5 43. Ke2 Ne6 44. Ke3 f4+ 45. Kd2 fxg3 46. fxg3 Kd4 47. Bg4 Nc5 48. Bf5 h6 49. Bc2 Nd7 50. Bg6 Nf6 51. g4 Nd5 52. Be8 Kc5 53. Bg6 Nf4 54. Kc3 Nxg6 0-1

[Event "Klatovy op-B 23rd"]
[Site "Klatovy"]
[Date "2017.07.06"]
[Round "6"]
[White "Sova, Zdenek"]
[Black "Flajsman, Petr"]
[Result "1/2-1/2"]
[WhiteElo "1672"]
[BlackElo "1567"]
[PlyCount "53"]
[EventDate "2017.07.01"]
[EventType "swiss"]
[EventRounds "9"]
[EventCountry "CZE"]
[SourceTitle "EXT 2018"]
[Source "ChessBase"]
[SourceDate "2017.10.13"]
[SourceVersion "1"]
[SourceVersionDate "2017.10.13"]
[SourceQuality "1"]

1. Nf3 d5 2. d4 c5 3. e3 Nf6 4. c4 Nc6 5. cxd5 Nxd5 6. e4 Nf6 7. d5 Nxe4 8. Bc4 Qa5+ 9. Nbd2 Nb8 10. 0-0 Nd6 11. Nb3 Qc7 12. Bf4 Nd7 13. Rc1 Qd8 14. Bxd6 exd6 15. Re1+ Be7 16. Nh4 Ne5 17. Bb5+ Bd7 18. Bxd7+ Qxd7 19. Nf3 Nxf3+ 20. Qxf3 0-0 21. Na5 Bf6 22. b3 Rfe8 23. Nc4 b5 24. Na5 Rxe1+ 25. Rxe1 Re8 26. Rxe8+ Qxe8 27. Qd1 1/2-1/2